000 00468nam a2200181Ia 4500
005 20230323095815.0
008 131103s9999 xx 000 0 und d
040 _aLoreto College
041 _aEnglish
082 _a822.91
_bJAC
100 _aJackman, Stuart B
245 _aBut they won't lie down
_b three plays
_cStuart B Jackman
260 _aLondon
_bSCM Press Ltd.
_c1955
300 _a128p.
650 _aEnglish drama
850 _aLCLIB
942 _cBK
999 _c22161
_d72640